LEADER 00992nam a2200265 a 4500 001 000000126255 003 CaOOAMICUS 005 20110908150018.0 008 110908s2011 it e 000 0 ita r 040 $aPUL$bita 082 04$a853 100 1 $aDesiati, Mario.$0(OLS)http://pul/name/80299 245 10$aE' proibito amare /$cMario Desiati. 260 $aMilano :$bR.C.S. Quotidiani,$cİ2011. 300 $a91 p. ;$c18 cm 490 1 $aInediti d'autore ;$v12 500 $aEd. speciale per Corriere della Sera. 830 0$aInediti d'autore ;$v12.$0(OLS)http://pul/title/159119 850 $aPUL 852 $aPUL$W1$xDP2 Cons. Gen., Altre Classi 3$y97$m853 COLL 2.12$j145620$qDDC 21$B144480$CPULBib$Z2$F144480 $H117939 $82 941 1 $a9 996 $6082$a853$9(OLS)http://pul/classification/1915 996 $6245$aE' proibito amare$9(OLS)http://pul/title/159428 996 $6260$aMilano :$bR.C.S. Quotidiani$9(OLS)http://pul/publisher/79195 LEADER 01156nam a2200277 a 4500 001 000000147728 003 CaOOAMICUS 005 20151127092245.0 008 151127s1995 it u000 u ita r 020 $a88-384-2382-2* 032 $aLibriCat 040 $aPUL$bita 100 1 $aAgazzi, Evandro,$d1934-$0(OLS)http://pul/name/5575 245 10$aFilosofia della natura :$bscienza e cosmologia /$cEvandro Agazzi ; prefazione di Fabio Minazzi. 260 $aCasale Monferrato :$bPiemme,$cİ1995. 300 $aXXII, 149 p. ;$c21 cm. 650 4$aFilosofia della natura.$0(OLS)http://pul/subject/8566 650 4$aCosmologia.$0(OLS)http://pul/subject/526 700 1 $aMinazzi, Fabio,$d1955-$0(OLS)http://pul/name/38420 850 $aPUL 852 $aPUL$W1$xDP1 Fondo Bordoni$y120$m2 B 17$j40823$qFondi$B171529$CPULBib$Z2$F171529 $HBor512 $81 941 1 $a1 996 $6020$a88-384-2382-2*$9(OLS)http://pul/number/159061 996 $6245$aFilosofia della natura :$bscienza e cosmologia$9(OLS)http://pul/title/186416 996 $6260$aCasale Monferrato :$bPiemme$9(OLS)http://pul/publisher/51813